Working papers of the National Task Force to Develop Standards and Goals for Juvenile Justice and Delinquency Prevention: a comparative analysis of delinquency prevention theory
| Corporate Author: | |
|---|---|
| Format: | Print Book |
| Language: | English |
| Published: |
Washington, DC
US Dep. of Justice, LEAA, Office of Juvenile Justice and Delinquency Prevention
19XX-
|
| In: | Year: 1977 |
| Availability in Tübingen: | Present in Tübingen. UB: KB 1 G 589 UB: KB 1 B 699 |
| Check availability: | HBZ Gateway |
| Subito Delivery Service: | Order now. |
| Volumes / Articles: | Show volumes/articles. |
MARC
| LEADER | 00000cam a22000002ca4500 | ||
|---|---|---|---|
| 001 | 1098793625 | ||
| 003 | DE-627 | ||
| 005 | 20220514162052.0 | ||
| 007 | tu | ||
| 008 | 920622n19uuuuuuxx ||||| 00| ||eng c | ||
| 035 | |a (DE-627)1098793625 | ||
| 035 | |a (DE-576)028793625 | ||
| 035 | |a (DE-599)BSZ028793625 | ||
| 040 | |a DE-627 |b ger |c DE-627 |e rakwb | ||
| 041 | |a eng | ||
| 110 | 2 | |a USA |b Task Force to Develop Standards and Goals for Juvenile Justice and Delinquency Prevention |0 (DE-588)5068758-X |0 (DE-627)121230600 |0 (DE-576)194098818 |4 aut | |
| 190 | |j 1977 | ||
| 245 | 1 | 0 | |a Working papers of the National Task Force to Develop Standards and Goals for Juvenile Justice and Delinquency Prevention |b a comparative analysis of delinquency prevention theory |
| 246 | 3 | 3 | |a Comparative analysis of delinquency prevention theory |
| 246 | 3 | 3 | |a Comparative analysis of standards and state practices |
| 264 | 1 | |a Washington, DC |b US Dep. of Justice, LEAA, Office of Juvenile Justice and Delinquency Prevention |c 19XX- | |
| 336 | |a Text |b txt |2 rdacontent | ||
| 337 | |a ohne Hilfsmittel zu benutzen |b n |2 rdamedia | ||
| 338 | |a Band |b nc |2 rdacarrier | ||
| 500 | |a Ab Bd. 2 mit dem Zusatz: Comparative analysis of standards and state practices | ||
| 951 | |a MC | ||
| ELC | |b 1 | ||
| LOK | |0 000 xxxxxcx a22 zn 4500 | ||
| LOK | |0 001 2187032086 | ||
| LOK | |0 003 DE-627 | ||
| LOK | |0 004 1098793625 | ||
| LOK | |0 005 19920622000000 | ||
| LOK | |0 008 920622||||||||||||||||ger||||||| | ||
| LOK | |0 040 |a DE-21 |c DE-627 |d DE-21 | ||
| LOK | |0 852 |a DE-21 | ||
| LOK | |0 852 1 |c KB 1 B 699 |9 00 | ||
| LOK | |0 935 |a krim | ||
| LOK | |0 939 |a 22-06-92 |b l01 | ||
| LOK | |0 000 xxxxxcx a22 zn 4500 | ||
| LOK | |0 001 2187032094 | ||
| LOK | |0 003 DE-627 | ||
| LOK | |0 004 1098793625 | ||
| LOK | |0 005 20020606000000 | ||
| LOK | |0 008 920827||||||||||||||||ger||||||| | ||
| LOK | |0 040 |a DE-21 |c DE-627 |d DE-21 | ||
| LOK | |0 852 |a DE-21 | ||
| LOK | |0 852 1 |c KB 1 G 589 |9 00 | ||
| LOK | |0 866 |x Mikrokopie (Mikrofiche), ersch. bei National Criminal Justice Reference Service, Rockville, Md. | ||
| LOK | |0 935 |a ckop |a krim | ||
| LOK | |0 936ln |a k11.1.2.6 | ||
| LOK | |0 939 |a 27-08-92 |b l02 | ||
| LOK | |0 000 xxxxxcx a22 zn 4500 | ||
| LOK | |0 001 2187032108 | ||
| LOK | |0 003 DE-627 | ||
| LOK | |0 004 1098793625 | ||
| LOK | |0 005 20020607000000 | ||
| LOK | |0 008 930812||||||||||||||||ger||||||| | ||
| LOK | |0 040 |a DE-21-110 |c DE-627 |d DE-21-110 | ||
| LOK | |0 852 |z 2 Expl. | ||
| LOK | |0 852 |a DE-21-110 | ||
| LOK | |0 852 1 |c F VI 169 |m p |9 00 | ||
| LOK | |0 935 |a k110 | ||
| LOK | |0 936ln |a 5.7 | ||
| LOK | |0 938 |k p | ||
| LOK | |0 939 |a 12-08-93 |b l01 | ||
| ORI | |a SA-MARC-krimdoka001.raw | ||
| SIG | |a UB: KB 1 G 589 | ||
| SIG | |a UB: KB 1 B 699 | ||
| SPR | |a 1 |t KRI | ||
